Clic rapide - Statistiques

Statistiques générales
  • Ce quiz a été pris 138 fois
  • Le résultat moyen est 20 sur 35
Statistiques - réponses
Hint Réponse % Correct
F F
100%
B B
95%
I I
95%
A A
93%
Q Q
93%
4 4
92%
D D
91%
N N
91%
U U
91%
3 3
89%
O O
89%
P P
89%
J J
88%
6 6
87%
X X
84%
8 8
80%
7 7
79%
Y Y
79%
Z Z
71%
S S
68%
K K
60%
T T
47%
1 1
36%
E E
28%
W W
20%
M M
15%
G G
9%
5 5
8%
V V
7%
9 9
5%
H H
4%
R R
4%
C C
3%
L L
3%
2 2
0%
Aucun quiz correspondant
Distribution des résultats
% des personnes avec chaque résultat
Percentile par nombre de réponses
Votre historique - résultats
Vous n’avez pas pris ce quiz